Statistics for Brainrot Quiz

Click here to take the quiz!

General Stats

  • This quiz has been taken 7,584 times
    (7,210 since last reset)
  • The average score is 12 of 16

Answer Stats

HintAnswer% Correct
A technique in which the tongue is placed on
the roof of the mouth in an attempt to create
a more attractive face.
Mewing
98%
Synonym of "goddamn", has an association
with large bottoms
Gyatt
97%
Purple McDonald's drinkGrimace Shake
94%
If someone has an overflowing amount of style,
charm and attractiveness, so much so that they
don't even need to speak to women to win them
over, what do they have?
Unspoken Rizz
94%
The funniest U.S. stateOhio
92%
Toilets with headsSkibidi Toilet
92%
Term used for the theft of food between friendsFanum Tax
89%
Someone who is independent and self-reliant. It
serves as a counterbalance to the traditional
masculinity hierarchy. The "Lone wolf".
Sigma
87%
The process of maximizing one's physical
attractiveness
Looksmaxxing
82%
Who rizzed up Livvy Dunn?Baby Gronk
73%
Talking way too long about unimportant stuffyapping
72%
Who do the toilets have a war with in the series?Cameramen
54%
The term used to refer to a very basic and
normal person, with no unique personality.
Most of the population is this.
NPC
52%
A massaging exercise done by stretching the
one's wood so that it increases in length and girth
jelqing
44%
Blud thinks life is all sunshine and rainbows but
forgets that he needs to pay who?
Bill Collector
27%
A religious salutation used by Muslims that
has been popularized on social medias
Assalamu alaikum
12%

Score Distribution

Percentile by Number Answered

Percent of People with Each Score

Your Score History

You have not taken this quiz since the last reset